Sports Quiz

Random Sports or Football Quiz

First Black Starting Nine Quiz Stats

Quiz not verified by Sporcle

Also try: Big Red Machine
Challenge
Share
Tweet
Embed
Score 0/9 Timer 04:00
0 Plays Today
Position Name % Correct
RFRoberto Clemente
87.5%
LFWillie Stargell
87.5%
PDock Ellis
46.9%
CManny Sanguillen
43.8%
1BAl Oliver
37.5%
3BDave Cash
25%
2BRennie Stennett
18.8%
SSJackie Hernandez
18.8%
CFGene Clines
15.6%

You're not logged in!

Compare scores with friends on all Sporcle quizzes.
Sign Up with Email
OR
Log In

You Might Also Like...

Show Comments

Extras

Top Quizzes Today


Score Distribution

Your Account Isn't Verified!

In order to create a playlist on Sporcle, you need to verify the email address you used during registration. Go to your Sporcle Settings to finish the process.